All Countries by Population in 2100 - Statistics

General Stats
  • This quiz has been taken 1,653 times
  • The average score is 100 of 196
Answers on the Map
Answers color-coded by a green-red scale on the quiz's map according to % correct below.
 
Answer Stats
F. Let. Pop. Answer % Correct
I 1,533.400 India
100%
C 771.301 China
99%
N 545.706 Nigeria
97%
P 486.772 Pakistan
93%
D (C) 430.995 Democratic Republic of the Congo
92%
U 393.993 United States
92%
E 323.283 Ethiopia
88%
I 297.128 Indonesia
87%
B 185.102 Brazil
83%
T 243.995 Tanzania
82%
E 205.119 Egypt
80%
M 116.090 Mexico
79%
N 166.166 Niger
79%
P 180.235 Philippines
79%
R 112.204 Russia
79%
U 131.989 Uganda
78%
B 176.964 Bangladesh
77%
S 141.627 Sudan
77%
I 111.325 Iraq
76%
K 112.466 Kenya
76%
V 91.255 Vietnam
76%
A 132.552 Angola
75%
J 72.846 Japan
73%
U 70.511 United Kingdom
73%
Y 74.145 Yemen
73%
A 110.743 Afghanistan
72%
F 60.909 France
72%
G 68.985 Germany
72%
I 80.145 Iran
72%
T 82.775 Turkey
71%
C 53.832 Canada
70%
M 105.963 Mozambique
70%
A 47.661 Argentina
69%
C 45.985 Colombia
69%
M 86.867 Mali
69%
Z 63.445 Zambia
69%
C 86.877 Cameroon
68%
I (C) 89.114 Ivory Coast
68%
P 42.170 Peru
67%
S 74.631 South Africa
67%
A 67.823 Algeria
66%
I 36.978 Italy
66%
V 35.425 Venezuela
66%
A 38.041 Australia
65%
G 72.739 Ghana
65%
M 83.129 Madagascar
64%
S 30.979 Spain
64%
U 50.820 Uzbekistan
64%
C 65.012 Chad
63%
E 21.492 Ecuador
63%
G 26.215 Guatemala
63%
M 52.535 Myanmar
63%
P 23.169 Poland
63%
S 66.175 Somalia
63%
Z 35.618 Zimbabwe
63%
B 18.869 Bolivia
62%
S 50.496 Saudi Arabia
62%
U 20.522 Ukraine
62%
K 34.052 Kazakhstan
61%
T 44.767 Thailand
61%
B 61.465 Burkina Faso
60%
S 61.824 Senegal
60%
H 16.126 Haiti
59%
R 33.766 Rwanda
59%
C 16.841 Chile
58%
H 15.185 Honduras
58%
M 58.418 Malawi
58%
G 34.149 Guinea
57%
M 39.528 Malaysia
57%
N 33.876 Nepal
57%
N 16.592 Netherlands
57%
P 18.542 Papua New Guinea
57%
M 44.016 Morocco
56%
S 24.244 South Korea
56%
S 43.501 Syria
56%
B 46.467 Benin
55%
D 11.943 Dominican Republic
55%
J 17.634 Jordan
55%
R (C) 17.138 Republic of the Congo
54%
B 11.527 Belgium
53%
N 20.528 North Korea
53%
R 13.140 Romania
53%
S 13.178 Sweden
53%
T 26.896 Togo
53%
B 39.310 Burundi
52%
C 19.162 Cambodia
52%
I 18.377 Israel
52%
N 9.156 Nicaragua
52%
P 8.620 Paraguay
52%
S 23.710 South Sudan
52%
T 20.387 Tajikistan
52%
D 7.088 Denmark
50%
C 11.163 Czech Republic
49%
H 6.942 Hungary
49%
N 7.213 Norway
49%
P 6.211 Panama
49%
N 6.072 New Zealand
48%
P 6.902 Portugal
48%
S 10.429 Switzerland
48%
A 7.949 Austria
47%
C 18.771 Central African Republic
47%
C 6.508 Cuba
47%
G 6.403 Greece
47%
U 14.055 United Arab Emirates
47%
F 5.028 Finland
46%
I 5.726 Ireland
46%
O 7.831 Oman
46%
T 15.282 Taiwan
46%
K 11.971 Kyrgyzstan
45%
M 15.408 Mauritania
45%
B 6.484 Belarus
44%
L 9.713 Laos
44%
L 13.207 Liberia
44%
S 16.973 Sierra Leone
44%
E 4.317 El Salvador
43%
S 14.791 Sri Lanka
43%
T 13.554 Tunisia
43%
U 2.420 Uruguay
43%
C 4.548 Costa Rica
42%
Q 4.366 Qatar
42%
E 8.557 Eritrea
41%
T 8.823 Turkmenistan
41%
A 8.295 Azerbaijan
40%
L 8.488 Libya
40%
V (H) 0.001 Vatican City
40%
N 0.012 Nauru
38%
S 3.864 Slovakia
38%
G 0.637 Guyana
37%
J 0.954 Jamaica
37%
P 0.014 Palau
37%
S 0.707 Suriname
37%
T 0.014 Tuvalu
37%
V 1.016 Vanuatu
37%
A 0.060 Andorra
36%
B 2.961 Bulgaria
36%
F 1.050 Fiji
36%
G (T) 6.663 Gambia
36%
K 4.895 Kuwait
36%
M (F) 0.116 Micronesia
36%
S 0.026 San Marino
36%
S 3.286 Serbia
36%
T 1.059 Trinidad and Tobago
36%
C 2.123 Croatia
35%
D 0.053 Dominica
35%
K 0.239 Kiribati
35%
L 0.041 Liechtenstein
35%
M 0.051 Monaco
35%
A 0.077 Antigua and Barbuda
34%
E 0.838 Estonia
34%
G 5.262 Gabon
34%
G 0.116 Grenada
34%
I 0.369 Iceland
34%
K 0.925 Kosovo
34%
L 0.958 Latvia
34%
L 1.508 Lithuania
34%
L 0.878 Luxembourg
34%
M 0.051 Marshall Islands
34%
M 2.463 Moldova
34%
M 5.258 Mongolia
34%
N 5.015 Namibia
34%
N (M) 1.216 North Macedonia
34%
S 0.036 Saint Kitts and Nevis
34%
S 0.073 Saint Vincent and the Grenadines
34%
S 1.999 Solomon Islands
34%
T 0.131 Tonga
34%
B (T) 0.403 Bahamas
33%
B 0.204 Barbados
33%
B 0.564 Belize
33%
B 1.747 Bosnia and Herzegovina
33%
G 4.762 Guinea-Bissau
33%
L 4.757 Lebanon
33%
L 2.972 Lesotho
33%
S 0.122 Saint Lucia
33%
S 5.449 Singapore
33%
B 4.179 Botswana
32%
S 0.441 Samoa
32%
S 1.668 Slovenia
32%
A 1.110 Albania
31%
E (T) 1.810 East Timor
31%
E 3.853 Equatorial Guinea
31%
G 2.379 Georgia
31%
M 0.387 Malta
31%
S 0.104 Seychelles
31%
M 0.431 Montenegro
30%
B 0.406 Brunei
29%
D 1.677 Djibouti
29%
E 1.993 Eswatini
28%
A 1.609 Armenia
27%
B 0.657 Bhutan
27%
C 0.669 Cape Verde
27%
M 0.850 Mauritius
27%
S 0.531 São Tomé and Príncipe
27%
B 2.045 Bahrain
26%
C 1.570 Comoros
26%
M 0.470 Maldives
26%
C 1.337 Cyprus
23%
No matching quizzes found
Score Distribution
Percent of People with Each Score
Percentile by Number Answered
Your Score History
You have not taken this quiz